Biblioteca

La problematica del yugo desigual en la iglesia / Juan Guilermo Gill (Registro nro. 33990)

Detalles MARC
000 -LÍDER
Campo fijo de descripción fija 006620000a22001570004500
001 - NÚMERO DE CONTROL
Campo de control 3311
100 1# - ASIENTO PRINCIPAL--NOMBRE PERSONAL
Nombre personal Gill, Juan Guillermo
245 10 - TÍTULO
Título del Material La problematica del yugo desigual en la iglesia / Juan Guilermo Gill
260 ## - PUBLICACIÓN, DISTRIBUCIÓN, ETC. (PIE DE IMPRENTA)
Lugar de publicación, distribución, etc. Medellín, Colombia
300 ## - DESCRIPCIÓN FÍSICA
Extensión 100 Pag
500 ## - NOTA GENERAL
Nota General Tesis (licenciatura) Seminario Bíblico de Colombia
942 ## - TIPO DE MATERIAL (KOHA)
Tipo de Item KOHA Libros General
Existencias
Estado de Material Estado de Perdido Forma de Clasificación Estado de Dañado No para Préstamo Colección Tomo Biblioteca de Origen Biblioteca Permanente Fecha de Adquisición Total de Préstamos Signatura Topográfica Código de Barras Última vez visto Ejemplar/Existencia Fecha de Remplazo Tipo de Material
    Dewey Decimal Classification     Trabajos de grado   Biblioteca FUSBC Biblioteca FUSBC 01/12/2004   T G4101p 11375 12/12/2019 1 26/01/2016 Trabajos de Grado

Biblioteca FUSBC | Teléfono: (57+4) 349 88 10 Ext. 141| WhatsApp (+57) 3005338115 
E-mail: biblioteca@unisbc.edu.co | Calle 76 87-14 Robledo Palenque, Medellín, Colombia

Con tecnología Koha